Исследование структурно - механических свойств окатышей и их термостойкости согласно утвержденного заказ-наряда: Промежуточный отчет о НИР

Bibliografische gegevens
Coauteur: Томский политехнический институт (ТПИ) (595)
Andere auteurs: Витюгин В. М. Виктор Моисеевич (руководитель), Гусев В. П. (исполнитель)
Taal:Russisch
Gepubliceerd in: Томск, 1980
Onderwerpen:
Formaat: Boek
KOHA link:https://koha.lib.tpu.ru/cgi-bin/koha/opac-detail.pl?biblionumber=158578

MARC

LEADER 00000nbm0a2200000 4500
001 158578
005 20231101222039.0
029 0 0 |a SU  |b 80000957  |f ТПУ 
035 |a (RuTPU)RU\TPU\book\171986 
035 |a RU\TPU\book\170571 
090 |a 158578 
100 |a 20090425d1980 k y0rusy50 ca 
101 0 |a rus 
102 |a RU 
105 |a a p 001zy 
200 1 |a Исследование структурно - механических свойств окатышей и их термостойкости согласно утвержденного заказ-наряда  |e Промежуточный отчет о НИР  |f Томский политехнический институт (ТПИ) ; руководитель В. М. Витюгин ; В. П. Гусев 
210 |a Томск  |d 1980 
215 |a 53 л. 
320 |a Библиогр.: с. 51-52. 
606 |a Фосфориты  |x Окускование  |2 stltpush  |3 (RuTPU)RU\TPU\subj\64185  |9 81101 
610 1 |a структурно-механические свойства 
610 1 |a водно-физические свойства 
610 1 |a влагоемкость 
610 1 |a термомеханические свойства 
610 1 |a окатыши 
610 1 |a термостойкость 
610 1 |a сушка 
610 1 |a чувствительность 
610 1 |a отчеты о НИР 
675 |a 622.788(04)  |v 3 
702 1 |a Витюгин  |b В. М.  |c российский химик-технолог  |c зав. кафедрой общей химической технологии Томского политехнического института  |f 1927-1989  |g Виктор Моисеевич  |2 stltpush  |3 (RuTPU)RU\TPU\pers\12387  |4 673 
702 1 |a Гусев  |b В. П.  |4 677 
712 0 2 |a Томский политехнический институт (ТПИ)  |c (1944-1991)  |2 stltpush  |3 (RuTPU)RU\TPU\col\1123  |4 595 
801 1 |a RU  |b 63413507  |c 20090406  |g PSBO 
801 2 |a RU  |b 63413507  |c 20180418  |g PSBO 
942 |c BK